|
|
|
|
| LEADER |
00000nab a2200000 a 4500 |
| 001 |
vtls011133108 |
| 003 |
SK-MaSNL |
| 005 |
20260303150935.0 |
| 008 |
230222|1990 xo |||||||||||||||||ger| |
| 015 |
|
|
|a SNBRB
|
| 035 |
|
|
|a (uuid)e1210431-2448-42df-b638-1364ee71fb9c
|
| 035 |
|
|
|a (urnnbn)urn:nbn:sk:snk:ar-a09nbt
|
| 035 |
|
|
|a urn:nbn:sk:snk-abaaw8
|
| 040 |
|
|
|a SNKBUCL
|b slo
|c SNKBUCL
|e AACR2
|
| 041 |
0 |
|
|a ger
|
| 044 |
|
|
|a xo
|c SK
|
| 100 |
1 |
|
|a Májovský, J.
|4 aut
|9 772484
|
| 245 |
1 |
0 |
|a KARYOSYSTEMATISCHES STUDIUM DER GATTUNG SORBUS L. EMEND. CR. IN DER SLOWAKEI I
|c J. Májovský, A. Uhríková
|
| 700 |
1 |
|
|a Uhríková, A.
|4 aut
|9 1170055
|
| 773 |
0 |
|
|t Acta Facultatis Rerum Naturalium Universitatis Comenianae
|g Roč. 37, č. 37 (1990), s. 5-15
|
| 958 |
|
|
|a OND
|
| 958 |
|
|
|a EUIPO
|
| 958 |
|
|
|a article13
|
| 999 |
|
|
|c 2014690
|d 2016620
|